000 04883cam a22010577i 4500
001 vb7s506sst2slk7g
003 LIBRIS
005 20240222104023.0
008 221221s2023 sw |||||||||||000 0|swe|d
020 _a9789177413516
_qhäftad
035 _a(BOKR)9789177413516
035 _a(OCoLC)1355696401
040 _aBOKR
_bswe
_ei
_c
041 _aswe
082 0 4 _a617.106029485
_223/swe
084 _aVfg
_2kssb/8
245 1 0 _aSårbehandling 2023/2024 :
_bkatalog över sårprodukter /
_cSusanne Bardell Carlbring.
250 _aElfte upplagan
264 1 _aStockholm :
_bGothia Kompetens AB,
_c2023
300 _a381 sidor
336 _atext
_btxt
_2rdacontent
337 _aunmediated
_bn
_2rdamedia
338 _avolume
_bnc
_2rdacarrier
541 _5Li
650 7 _aSårbehandling
_0https://id.kb.se/term/sao/S%C3%A5rbehandling
_2sao
650 2 _aWound Healing
650 2 _aBandages
655 7 _aProduktkataloger
_0https://id.kb.se/term/saogf/Produktkataloger
_2saogf
700 1 _aBardell Carlbring, Susanne,
_d1963-
_4edt
_0https://libris.kb.se/64jmsh9q0914zwb#it
887 _a{"@id":"vb7s506sst2slk7g","modified":"2023-05-12T08:31:20.511+02:00"}
_2librisxl
887 _a{"@id":"vbn2jm7xs6j14kgm","modified":"2023-04-12T10:08:26.873+02:00"}
_2librisxl
887 _a{"@id":"vbf6bk9js3lv4v66","modified":"2023-02-13T09:16:35.198+01:00"}
_2librisxl
887 _a{"@id":"gzrbx6dxdvss9x54","modified":"2023-08-22T14:43:28.023+02:00"}
_2librisxl
887 _a{"@id":"vc0t50bxslsvmf5d","modified":"2023-08-07T13:52:40.212+02:00"}
_2librisxl
887 _a{"@id":"gzrltvs3d3lx8khk","modified":"2023-08-16T08:01:59.462+02:00"}
_2librisxl
887 _a{"@id":"dwmwclcrbgtm1pvv","modified":"2023-08-02T10:32:07.319+02:00"}
_2librisxl
887 _a{"@id":"hz5pmvxkf1gmrf0w","modified":"2023-03-09T11:27:04.656+01:00"}
_2librisxl
887 _a{"@id":"wcqnpdkftghfwhb7","modified":"2023-04-25T16:13:59.379+02:00"}
_2librisxl
887 _a{"@id":"k15r2qwfh1537n5b","modified":"2023-02-20T16:52:50.667+01:00"}
_2librisxl
887 _a{"@id":"2jn8k7s10t8q690q","modified":"2023-02-20T16:53:00.64+01:00"}
_2librisxl
887 _a{"@id":"h0tlf8ttf43g9thp","modified":"2023-08-24T08:56:26.191+02:00"}
_2librisxl
887 _a{"@id":"s89th2jgq34qxn6z","modified":"2023-01-25T01:00:53.035+01:00"}
_2librisxl
887 _a{"@id":"0gjw3f46xfc3d0x1","modified":"2023-02-09T14:59:20.68+01:00"}
_2librisxl
887 _a{"@id":"s96d86kwq9jjg93z","modified":"2023-09-14T14:42:40.691+02:00"}
_2librisxl
887 _a{"@id":"vbqg2g2lsjcgcsjm","modified":"2023-05-02T12:57:07.963+02:00"}
_2librisxl
887 _a{"@id":"j0010gfxgf66b3fl","modified":"2023-01-20T11:21:26.547+01:00"}
_2librisxl
900 1 s _6700
_d1963-
_uBardell Carlbring, Susanne,
_d1963-
942 _2z
_cBOOK
999 _c59619
_d59619